1058 1281 1270 1150 1191 1406 1525 1748 1613 1763 1947 1236 1811 1090 1824 1033 1929 1488 1589 1985 1876 1257 1148 1297 1534 1244 1604 1670 1659 1797 1342 1364 1145 1469 1490 1515 1844 1766 1778 1753 1122 1792 1478 1141 1222 1619 1770 1835 1836 1650 1757 1690 1938 1593 1519 1026 1343 1369 1280 1959 1449 1066 1561 1134 1205 1721 1950 1564 1868 1603 1503 1028 1447 1668 1908 1229 1204 1576 1197 1160 1495 1365 1292 1332 1085 1545 1564 1435 1972 1739 1729 1236 1265 1698 1522 1866 1739 1462 1159 BCNSPRNW ULIB Ver.6.0+V

เปลี่ยนเป็นภาษาไทย

Change to English
 แสดงรายละเอียดบรรณานุกรม
  กลับหน้าหลัก

Brief Record : Get Marc (ISO 2709) : E-mail record : QR code < ปิดหน้าต่าง
LEADER : 00000nam 2200000uu 4500
001    13399110494
003     ULIB
008    110602s2552||||th 000 0 tha d
024    9789746907088
090    นว.^bท323ก 2552
100 0  ทองหลาง
245 00 กลั่นรักเติมหัวใจ/^cทองหลาง
260    กรุงเทพฯ:^bดอกหญ้า 2000,^c2552.
300    384 หน้า.
650  4 นวยนิยาย
945    ^p245^l0^i028095
945    ^p245^l0^i029133
995    เกษร
999 ^a ใช้งานได้ทุกระบบ
รายการนี้ยังไม่มีแท็ก
คุณยังไม่ได้ล็อกอิน คุณสามารถมีกิจกรรมร่วมกับเว็บไซต์ได้ แต่ต้องล็อกอินก่อน ::
  ล็อกอิน

รายการสื่อสารสนเทศ

ลำดับที่ ประเภท เลขเรียก/บาร์โค้ด สถานที่ สถานะ
- ไม่พบข้อมูล -

BibComment


ยังไม่เคยถูกคอมเมนท์

คอมเมนท์ทรัพยากรรายการนี้
  คอมเมนท์: กลั่นรักเติมหัวใจ..


 Copyright 2026. Bcnsprnw @Library